| 000 | 00617nam a2200205 i 4500 | ||
|---|---|---|---|
| 001 | 76535 | ||
| 003 | ES-MaACL | ||
| 005 | 20230906172855.0 | ||
| 007 | t| | ||
| 008 | 041004s1968 ag ||||1| spa d | ||
| 080 | _a821.134.2(82)-34"19" | ||
| 100 | 1 |
_aGüiraldes, Ricardo. _960880 |
|
| 245 | 1 | 0 |
_aCuentos de muerte y de sangre ; _bseguidos de Aventuras grotescas y una Trilogía cristiana / _cRicardo Güiraldes. |
| 246 | 3 | _aAventuras grotescas | |
| 246 | 3 | _aTrilogía cristiana | |
| 250 | _a3ª ed. | ||
| 260 |
_aBuenos Aires : _bLosada, _c1968. |
||
| 300 |
_a137 p. ; _c18 cm. |
||
| 852 |
_aES-MaACL _jC-56712 |
||
| 999 |
_c76535 _d76535 |
||